000 00286nam a2200121Ia 4500
008 190216s9999||||xx |||||||||||||| ||und||
100 _aMazharuddin Siddiqui
245 0 _aMarxism Islam
260 _bIslamic Publishing House
300 _a154p
650 _aArabic Literature
942 _cBK
999 _c546
_d546